000 00916nam a2200289 i 4500
001 bg
003 BPK
005 20200507113014.0
008 030102s2002 pl a f f |001 0 pol
015 _aPB 2003/512
020 _a8320426103
040 _aWA N
_cBPK
041 0 _apol
080 _a621.357
080 _a(083.1)
245 0 0 _aPoradnik galwanotechnika :
_bpraca zbiorowa /
_caut. Stanisław Bagdach [et al.].
250 _aWyd. 3 zm.
260 _aWarszawa :
_bWydawnictwa Naukowo-Techniczne,
_c2002.
300 _a798, [2] s. :
_bil. ;
_c25 cm.
504 _aBibliogr. przy rozdz. Indeks.
655 4 _aPoradnik
650 4 _aGalwanotechnika
710 2 _aWydawnictwa Naukowo-Techniczne
_4pbl.
700 1 _aBagdach, Stanisław
_eAutor
856 _uhttp://koha.tu.koszalin.pl/cgi-bin/koha/opac-detail.pl?biblionumber=41949
_yKatalog online BPK
942 _2UKD
_cKS
999 _c41949
_d41949